The picture of Dorian Gray /

Bibliographic Details
Main Author: Wilde, Oscar, 1854-1900
Format: Book
Language:English
Published: Oxford [Oxfordshire] ; New York [N.Y.] : Oxford University Press, 1981
Series:World's classics.
Oxford paperbacks.

MARC

Tag First Indicator Second Indicator Subfields
LEADER 00000cam a2200000 a 4500
001 in00000033176
005 20151007055139.0
008 820217s1981 enk b 00010 eng d
020 |a 0192815539 
035 |a (OCoLC)08163583 
035 |9 AAB7394AM 
040 |a EEM  |c EEM  |d m/c  |d TXA  |d UtOrBLW 
049 |a TXAM  |c [A11490249] 
050 4 |a PR5819  |b .A1 1987 
100 1 |a Wilde, Oscar,  |d 1854-1900. 
245 1 4 |a The picture of Dorian Gray /  |c Oscar Wilde ; edited with an introduction by Isobel Murray. 
264 1 |a Oxford [Oxfordshire] ;  |a New York [N.Y.] :  |b Oxford University Press,  |c 1981 
264 3 |c 1987 printing 
300 |a xxiv, 236 pages ;  |c 19 cm. 
336 |a text  |b txt  |2 rdacontent 
337 |a unmediated  |b n  |2 rdamedia 
338 |a volume  |b nc  |2 rdacarrier 
490 1 |a The World's classics 
490 1 |a Oxford paperbacks 
504 |a Bibliography: pages [xviii]-xix. 
830 0 |a World's classics. 
830 0 |a Oxford paperbacks. 
999 |a MARS 
999 f f |s f979c912-12f5-31e8-8dc2-6728f0c5c968  |i 8cea1b43-a87b-3662-a6e1-4bcf0bd798f9  |t 0 
952 f f |p normal  |a Texas A&M University  |b College Station  |c Sterling C. Evans Library  |d Evans: Library Stacks  |t 0  |e PR5819 .A1 1987  |h Library of Congress classification  |i unmediated -- volume  |m A14811490249 
998 f f |a PR5819 .A1 1987  |t 0  |l Evans: Library Stacks